Lunas de Urano. - Estadísticas

Estadísticas generales
  • Esta prueba ha sido intentada 5 veces
  • La puntuación promedio es 4 de 27
Estadísticas de respuestas
Orden. Luna. % Correcto
2 Oberón
80%
1 Titania
60%
3 Umbriel
60%
4 Ariel
40%
9 Julieta
40%
5 Miranda
40%
18 Ophelia
40%
27 Cupid
20%
13 Belinda
0%
15 Bianca
0%
12 Calibán
0%
19 Cordelia
0%
10 Cressida
0%
14 Desdémona
0%
23 Ferdinand
0%
24 Francisco
0%
22 Mab
0%
25 Margaret
0%
21 Perdita
0%
8 Portia
0%
16 Prospero
0%
6 Puck
0%
11 Rosalind
0%
17 Setebos
0%
7 Sicorax
0%
20 Stephano
0%
26 Trinculo
0%
No se encontraron pruebas coincidentes
Distribución de puntuación
Porcentaje de gente con cada puntuación
Porcentaje por número respondido
Historial de tus puntuaciones
No has intentado esta prueba.